000 00507nam a22001817a 4500
005 20251108175420.0
008 250721s2015 xx 000 0 ara d
082 1 4 _a658.30019/برا
100 1 _aبرايس، دافيد
245 1 0 _aالإدارة /
264 1 _aراس الخمية :
_bدار نون،
_c2015.
300 _a222 ص.
650 1 7 _aإدارة الأفراد
650 1 7 _aعلم النفس
700 1 _aموصللي، حسام
_eمترجم
942 _2ddc
_cBK
999 _c133563
_d133563